书目信息 |
| 题名: |
日语能力考试2级历年经典读解真题解析与测试
|
|
| 作者: | 陈雪 主编 | |
| 分册: | ||
| 出版信息: | 上海 东华大学出版社 2010.08 |
|
| 页数: | 218页 | |
| 开本: | 23cm | |
| 丛书名: | ||
| 单 册: | ||
| 中图分类: | H369.4 | |
| 科图分类: | ||
| 主题词: | 日语--ri yu--阅读教学--水平考试--习题 | |
| 电子资源: | ||
| ISBN: | 978-7-81111-722-6 | |
| 000 | 00908nam0 2200241 450 | |
| 001 | 012011840755 | |
| 005 | 20110427135121.20 | |
| 010 | @a978-7-81111-722-6@dCNY23.90 | |
| 100 | @a20110427d2010 em y0chiy0120 ea | |
| 101 | 0 | @achi@ajpn |
| 102 | @aCN@b310000 | |
| 105 | @ak a 000yy | |
| 106 | @ar | |
| 200 | 1 | @a日语能力考试2级历年经典读解真题解析与测试@Ari yu neng li kao shi 2 ji li nian jing dian du jie zhen ti jie xi yu ce shi@f陈雪主编@Fchen xue zhu bian |
| 210 | @a上海@c东华大学出版社@d2010.08 | |
| 215 | @a218页@d23cm | |
| 320 | @a有书目 (第218页) | |
| 330 | @a本书搜集近年国际日本语能力考试2级真题读解部分的经典题目,简单讲解,着重训练。围绕历年2级真题的读解部分,总结出各种题型以及各类体裁文章的解题方法。 | |
| 606 | 0 | @a日语@Ari yu@x阅读教学@x水平考试@j习题 |
| 690 | @aH369.4@v4 | |
| 701 | 0 | @a陈雪@Achen xue@4主编 |
| 801 | 0 | @aCN@bQSSK@c20110427 |
| 905 | @b793073-75@dH369.4@eC601@f3 | |
| 日语能力考试2级历年经典读解真题解析与测试/陈雪主编.-上海:东华大学出版社,2010.08 |
| 218页;23cm |
| ISBN 978-7-81111-722-6:CNY23.90 |
| 本书搜集近年国际日本语能力考试2级真题读解部分的经典题目,简单讲解,着重训练。围绕历年2级真题的读解部分,总结出各种题型以及各类体裁文章的解题方法。 |
| ● |
| 相关链接 |
|
|
|
正题名:日语能力考试2级历年经典读解真题解析与测
索取号:H369.4/C601
 
预约/预借
| 序号 | 登录号 | 条形码 | 馆藏地/架位号 | 状态 | 备注 |
| 1 | 793073 | 207930738 | 语言库209/209语言库 130排2列6层/ [索取号:H369.4/C601] | 在馆 | |
| 2 | 793074 | 207930747 | 语言库209/209语言库 130排2列6层/ [索取号:H369.4/C601] | 在馆 | |
| 3 | 793075 | 207930756 | 语言库209/209语言库 130排2列6层/ [索取号:H369.4/C601] | 在馆 |